Who Sang That Country Song? - Statistics

General Stats
  • This quiz has been taken 31 times
  • The average score is 13 of 26
Answer Stats
Song Year Artist/Band % Correct
Jolene 1974 Dolly Parton
92%
I Walk The Line 1957 Johnny Cash
88%
Achy Breaky Heart 1992 Billy Ray Cyrus
79%
On The Road Again 1980 Willie Nelson
75%
Before He Cheats 2005 Carrie Underwood
71%
Wagon Wheel 2013 Darius Rucker
71%
Friends In Low Places 1990 Garth Brooks
71%
Devil Went Down to Georgia 1979 Charlie Daniels Band
63%
God's Country 2019 Blake Shelton
58%
Hello Darlin' 1970 Conway Twitty
54%
Thank God I'm a Country Boy 1974 John Denver
54%
As Good As I Once Was 2005 Toby Keith
50%
Wichita Lineman 1968 Glen Campbell
46%
Cold, Cold Heart 1951 Hank Williams
46%
You Ain't Woman Enough 1966 Loretta Lynn
46%
Big Green Tractor 2009 Jason Aldean
42%
She Thinks My Tractor's Sexy 1999 Kenny Chesney
42%
That's My Kind of Night 2013 Luke Bryan
42%
Does He Love You 1993 Reba McEntire
42%
I Run To You 2008 Lady Antebellum
33%
King of the Road 1965 Roger Miller
33%
This One's for the Girls 2003 Martina McBride
29%
He Didn't Have to Be 1999 Brad Paisley
25%
Fool Hearted Memory 1982 George Strait
25%
I've Always Been Crazy 1978 Waylon Jennings
25%
Somebody Like You 2002 Keith Urban
21%
No matching quizzes found
Score Distribution
Percent of People with Each Score
Percentile by Number Answered
Your Score History
You have not taken this quiz